| 000 | 00602cam a22001571 4500 | ||
|---|---|---|---|
| 082 |
_a358 _bMIK |
||
| 100 | 1 |
_aMiksche, Ferdinand Otto, _937943 |
|
| 245 | 1 | 0 |
_aParatroops; _bthe history, organization, and tactical use of airborne formations, _cby Major F. O. Miksche, with a preface by Captain Liddell Hart. |
| 260 |
_aLondon, _bFaber and Faber limited _c[1943] |
||
| 300 |
_a167 p. _billus. (maps) diagrs. (part fold.) _c21 cm. |
||
| 500 | _a"First published in Mcmxliii." | ||
| 526 |
_a0 _b0 _c0 _d358_000000000000000_MIK |
||
| 650 | 0 |
_aMCE _9379 |
|
| 650 | 0 |
_aParachute troops. _948648 |
|
| 942 |
_2ddc _cBK |
||
| 999 |
_c553163 _d553163 |
||